Biblioteca y Centro de Documentación

Contra la nueva educación (Registro nro. 52248)

Detalles MARC
000 -CABECERA
Longitud fija campo de control 01131nam a2200373.c 4500
001 - NÚMERO DE CONTROL
Número de control 52248
003 - IDENTIFICADOR DE NÚMERO DE CONTROL
Identificador del número de control ES-MaCES
005 - FECHA Y HORA DE LA ÚLTIMA TRANSACCIÓN
Fecha y hora de la última transacción 20250203133930.0
008 - CAMPO FIJO DE DESCRIPCIÓN FIJA--INFORMACIÓN GENERAL
Códigos de información de longitud fija   220426s2022 sp ||||| |||||||||||spa|d
017 ## - NÚMERO DE REGISTRO DE DERECHOS DE AUTOR Y DEPÓSITO LEGAL
Número de copyright o de depósito legal B 1072-2022
Agencia que asigna el número DL
020 ## - ISBN (INTERNATIONAL STANDARD BOOK NUMBER)
Número Internacional Normalizado para Libros (ISBN) 9788416620074
040 ## - FUENTE DE CATALOGACIÓN
Centro catalogador de origen ES-MaCES
Lengua de catalogación spa
Centro transcriptor ES-MaCES
245 10 - MENCIÓN DE TÍTULO
Título Contra la nueva educación
Mención de responsabilidad, etc. Alberto Royo ; pr. de Antonio Muñoz Molina
250 ## - MENCIÓN DE EDICIÓN
Mención de edición 6ª ed
260 ## - PUBLICACIÓN, DISTRIBUCIÓN, ETC (PIE DE IMPRENTA)
Lugar de publicación, distribución, etc. Barcelona
Nombre del editor, distribuidor, etc. Plataforma Editorial
Fecha de publicación, distribución, etc. 2022
300 ## - DESCRIPCIÓN FÍSICA
Extensión 206 p.
Dimensiones 22 cm
490 0# - MENCIÓN DE SERIE
Mención de serie Plataforma actual
541 ## - NOTA DE LA FUENTE INMEDIANTE DE ADQUISICIÓN
Forma de adquisición Compra
650 #7 - ASIENTO SECUNDARIO DE MATERIA--TÉRMINO DE MATERIA
9 (RLIN) 27367
Término de materia o nombre geográfico como elemento inicial educación
650 #7 - ASIENTO SECUNDARIO DE MATERIA--TÉRMINO DE MATERIA
9 (RLIN) 27375
Término de materia o nombre geográfico como elemento inicial sistema educativo
650 #7 - ASIENTO SECUNDARIO DE MATERIA--TÉRMINO DE MATERIA
9 (RLIN) 27385
Término de materia o nombre geográfico como elemento inicial enseñanza pública
650 #7 - ASIENTO SECUNDARIO DE MATERIA--TÉRMINO DE MATERIA
9 (RLIN) 27374
Término de materia o nombre geográfico como elemento inicial reforma educativa
650 #7 - ASIENTO SECUNDARIO DE MATERIA--TÉRMINO DE MATERIA
9 (RLIN) 29392
Término de materia o nombre geográfico como elemento inicial sistema de valores
650 #7 - ASIENTO SECUNDARIO DE MATERIA--TÉRMINO DE MATERIA
9 (RLIN) 27324
Término de materia o nombre geográfico como elemento inicial ética
650 #7 - ASIENTO SECUNDARIO DE MATERIA--TÉRMINO DE MATERIA
9 (RLIN) 27454
Término de materia o nombre geográfico como elemento inicial adquisición de conocimientos
650 #7 - ASIENTO SECUNDARIO DE MATERIA--TÉRMINO DE MATERIA
9 (RLIN) 27181
Término de materia o nombre geográfico como elemento inicial oportunidades de educación
650 #7 - ASIENTO SECUNDARIO DE MATERIA--TÉRMINO DE MATERIA
9 (RLIN) 27462
Término de materia o nombre geográfico como elemento inicial método pedagógico
650 #7 - ASIENTO SECUNDARIO DE MATERIA--TÉRMINO DE MATERIA
9 (RLIN) 27400
Término de materia o nombre geográfico como elemento inicial investigación pedagógica
653 ## - TÉRMINO DE INDEXACIÓN--NO CONTROLADO
Término no controlado Educación
740 42 - ENCABEZAMIENTO SECUNDARIO--TÍTULO ANALÍTICO/RELACIONADO NO CONTROLADO
Título relacionado o analítico no controlado Der Überflüssige Mensch
830 #0 - ENCABEZAMIENTO SECUNDARIO DE COLECCIÓN--TÍTULO UNIFORME
9 (RLIN) 38411
Título uniforme Plataforma actual
902 ## - CES. TIPO DE DOCUMENTO
Tipodoc (006$c Sirtex) LIB Libro
942 ## - ELEMENTOS KOHA
Fuente de clasificaión o esquema Clasificación propia del CES
Koha [por defecto] tipo de item Monografías
Parte de clasificación Educación
Existencias
Número de registro Signatura completa Tipo de item de Koha
092652 SG-4.0.-166 Monografías
© CES, Consejo Económico y Social de España 2021